Felséges Első Ferencz Ausztriai Császár, Magyar És Cseh Ország Koronás Királyától Po'sony Szabad Királyi Várossába 1832-ik Esztendőben, Karácson Havának 16-ik Napjára Rendeltetett Magyar Ország' Gyülésének Jegyző Könyve VI. Darab

Bibliographic Details
Other Authors: Belnai, Juraj Alojz, 1765-1809 (Printer), Landerer (Printer), Schmid, A. B. (Printer), Weber, Šimon Ľudovít, narodený 1784 (Printer)
Format: Book
Language:Hungarian
PhysicalDescription:493 strán, 1 nečíslovaná strana 37,5 cm
Subjects:

MARC

LEADER 00000nam a2200000 4500
001 vtls012284552
003 SK-MaSNL
005 20260301193014.0
008 251002s1834 xo a f 000 0 hun
015 |a SNBHFA 
040 |a SNKHF  |b slo  |c SNKHF  |e rda 
041 0 |a hun 
043 |a e-hu--- 
044 |a xo  |c SK 
072 7 |a 328  |x Zastupiteľské orgány. Vlády. Politické systémy jednotlivých krajín  |2 konspekt 
080 |a 328.1:342.53  |2 2011 
080 |a (439.2)  |2 2011 
130 0 |a Felséges  |9 291774 
245 1 0 |a Felséges Első Ferencz Ausztriai Császár, Magyar És Cseh Ország Koronás Királyától Po'sony Szabad Királyi Várossába 1832-ik Esztendőben, Karácson Havának 16-ik Napjára Rendeltetett Magyar Ország' Gyülésének Jegyző Könyve  |n VI. Darab 
264 3 |a Po'sony  |b Nyomtattatott Belnay, Landerer, Schmid És Wébernél  |c 1834 
300 |a 493 strán, 1 nečíslovaná strana  |c 37,5 cm 
336 |a text  |b txt  |2 rdacontent 
337 |a bez média  |b n  |2 rdamedia 
338 |a zväzok  |b nc  |2 rdacarrier 
500 |a Vineta v podobe erbu krajín svätoštefanskej koruny s korunou a ratolesťami, linky 
504 |a Tlačené marginálie 
546 |a Maďarský text  |b Antikva 
563 |a Väzba: pôvodná, lepenková, chrbát a rohy hnedá koža.  |5 SNK SA 756/6 
650 0 7 |a parlament  |2 SNKPH  |9 4811 
650 0 7 |a Uhorský snem  |2 SNKPH  |9 291775 
650 0 7 |a zápisnice  |2 SNKPH  |9 268740 
651 7 |a Uhorsko  |2 SNKPHgeo  |9 28673 
700 1 |a Belnai, Juraj Alojz,  |d 1765-1809  |4 prt  |9 219598 
700 1 |a Landerer  |4 prt  |9 374246 
700 1 |a Schmid, A. B.  |4 prt  |9 424896 
700 1 |a Weber, Šimon Ľudovít,  |d narodený 1784  |4 prt  |9 214766 
700 0 |a František  |b I.,  |c rakúsky cisár,  |d 1768-1835  |4 oth  |9 239879 
752 |a Slovensko  |d Bratislava 
852 |a snk  |p SA 756/6 
958 |a ONDV 
958 |a DF 
999 |c 875751  |d 877681 
952 |t 1  |a SNK  |b SNK  |c SNK_KF  |y PREZ  |7 8  |p 17A0725091  |o snkSA 756/6  |i snkKSF 46/59  |8 5  |0 0  |1 0  |2 udc  |4 0  |d 2025-10-02  |l 0  |r 2026-02-24 05:57:00  |w 2026-02-24